00233nam a2200097Ia 4500008004100000041000800041082001600049100002100065245004000086260000900126240625s9999 xx 000 0 und d aeng a006.312 ROI aROIGER RICHARD J aDATA MINING A TUTORIAL BASED PRIMER c2007